| 000 | 01008nam a22002297a 4500 | ||
|---|---|---|---|
| 005 | 20110810094115.0 | ||
| 008 | 110810t xxu||||| |||| 00| 0 mar d | ||
| 010 | _aMAR-21207 | ||
| 020 |
_a818963478X _c120.00 |
||
| 035 | _aMR-13865 | ||
| 037 | _bDBAD/PUB | ||
| 040 |
_aDPL _bMR |
||
| 082 | _a891.467 | ||
| 100 |
_aकटककर,भूषण _932250 |
||
| 245 |
_aहसलात तर कळवा / _cभूषण कटककर |
||
| 246 |
_aHasalat Tar Kalava _bby Bhushan Katakar |
||
| 260 |
_aपुणे _bस्नेहवर्धन प्रकाशन _c2009 |
||
| 270 |
_a863,सदाशिव पेठ,महात्मा फुले सभागृहमागे, _bपुणे _e411030 |
||
| 300 |
_a135पृ. _c22सेमी(अजिल्द) |
||
| 942 |
_2ddc _cMR _h891.467 _mकटक |
||
| 999 |
_c55137 _d55137 |
||